The tender years #1/ Janette Oke.
Available copies
- 7 of 7 copies available at LARL/NWRL Consortium.
Current holds
0 current holds with 7 total copies.
Show Only Available Copies
| Location | Call Number / Copy Notes | Barcode | Shelving Location | Status | Due Date |
|---|---|---|---|---|---|
| Godel Memorial-Warren Library | OKE (Text) | 35500002445748 | Main | Available | - |
| Greenbush Public Library | OKE (Text) | 35500002445508 | Main | Available | - |
| Hallock Public Library | OKE (Text) | 35500002445755 | Main | Available | - |
| Karlstad LINK Site | OKE (Text) | 35500005916182 | Main | Available | - |
| Red Lake Falls Public Library | OKE (Text) | 35500002445516 | Main | Available | - |
| Roseau Public Library | OKE (Text) | 35500002445490 | Main | Available | - |
| Warroad Public Library | C OKE (Text) | 35500004369433 | Main | Available | - |
Record details
- ISBN: 1556619529
- Physical Description: 270 p. ; 22 cm.
- Publisher: Minneapolis, Minn. : Bethany House Publishers, c1997.
Search for related items by subject
| Subject: | Teenage girls > Fiction. Grandmothers > Fiction. |
| Genre: | Christian fiction. |
Search for related items by series
| LDR | 01956cam a2200409 a 4500 | ||
|---|---|---|---|
| 001 | 23754 | ||
| 003 | LARL_NWRL_CONSORTIUM | ||
| 005 | 19980811105555.0 | ||
| 008 | 970513s1997 mnu 000 0 eng | ||
| 015 | . | ‡aC98-11060-2 | |
| 019 | . | ‡a37502714 | |
| 020 | . | ‡a1556619529 | |
| 035 | . | ‡a(OCoLC)36930750 | |
| 082 | 0 | 0. | ‡a813/.54 ‡221 |
| 099 | . | ‡aOke | |
| 100 | 1 | . | ‡aOke, Janette, ‡d1935- ‡0(LARL_NWRL_CONSORTIUM)2752 |
| 245 | 1 | 4. | ‡aThe tender years ‡n#1/ ‡cJanette Oke. |
| 260 | . | ‡aMinneapolis, Minn. : ‡bBethany House Publishers, ‡cc1997. | |
| 300 | . | ‡a270 p. ; ‡c22 cm. | |
| 490 | 0 | . | ‡aPrairie legacy ; ‡v1 |
| 650 | 0. | ‡aTeenage girls ‡vFiction. ‡0(LARL_NWRL_CONSORTIUM)167625 | |
| 650 | 0. | ‡aGrandmothers ‡vFiction. ‡0(LARL_NWRL_CONSORTIUM)165417 | |
| 655 | 0. | ‡aChristian fiction. | |
| 901 | . | ‡a23754 ‡bOCLC ‡c23754 ‡tbiblio | |

Add to basket
Permalink
Disable Highlighting